<?xml version="1.0" encoding="UTF-8"?>
<record
    xmlns:xsi="http://www.w3.org/2001/XMLSchema-instance"
    xsi:schemaLocation="http://www.loc.gov/MARC21/slim http://www.loc.gov/standards/marcxml/schema/MARC21slim.xsd"
    xmlns="http://www.loc.gov/MARC21/slim">

  <leader>00992nam a2200265 a 4500</leader>
  <controlfield tag="005">20240506133040.0</controlfield>
  <controlfield tag="008">100702t1995||||ag     f |||| 00| 0 spa d</controlfield>
  <datafield tag="020" ind1=" " ind2=" ">
    <subfield code="a">950925004X</subfield>
  </datafield>
  <datafield tag="041" ind1=" " ind2=" ">
    <subfield code="a">spa</subfield>
  </datafield>
  <datafield tag="092" ind1=" " ind2=" ">
    <subfield code="c">346.033</subfield>
    <subfield code="l">51</subfield>
    <subfield code="s">MED</subfield>
  </datafield>
  <datafield tag="100" ind1="1" ind2=" ">
    <subfield code="a">Medone, Alberto</subfield>
    <subfield code="9">3031</subfield>
  </datafield>
  <datafield tag="245" ind1=" " ind2=" ">
    <subfield code="a">Mala praxis m&#xE9;dica.</subfield>
    <subfield code="b">Efectos y prevenci&#xF3;n /</subfield>
    <subfield code="c">Alberto Medone</subfield>
  </datafield>
  <datafield tag="250" ind1=" " ind2=" ">
    <subfield code="a">1a ed. </subfield>
  </datafield>
  <datafield tag="260" ind1=" " ind2=" ">
    <subfield code="a">Buenos Aires: </subfield>
    <subfield code="b">La Prensa Medica Argentina;</subfield>
    <subfield code="c">1995.</subfield>
  </datafield>
  <datafield tag="300" ind1=" " ind2=" ">
    <subfield code="a">102 p.</subfield>
  </datafield>
  <datafield tag="500" ind1=" " ind2=" ">
    <subfield code="a">Medone, A. y Califano, J. E. (1995). Mala praxis m&#xE9;dica. Efectos y prevenci&#xF3;n. (1a ed.). Buenos Aires : La Prensa M&#xE9;dica Argentina.</subfield>
  </datafield>
  <datafield tag="653" ind1=" " ind2=" ">
    <subfield code="a">Responsabilidad civil. El derecho como ordenamiento</subfield>
  </datafield>
  <datafield tag="653" ind1=" " ind2=" ">
    <subfield code="a">V&#xED;nculo jur&#xED;dico entre m&#xE9;dico y paciente</subfield>
  </datafield>
  <datafield tag="653" ind1=" " ind2=" ">
    <subfield code="a">Deberes del m&#xE9;dico. La historia cl&#xED;nica</subfield>
  </datafield>
  <datafield tag="653" ind1=" " ind2=" ">
    <subfield code="a">Razones del incremento de los juicios</subfield>
  </datafield>
  <datafield tag="653" ind1=" " ind2=" ">
    <subfield code="a">Anatom&#xED;a y fisiolog&#xED;a del juicio</subfield>
  </datafield>
  <datafield tag="653" ind1=" " ind2="3">
    <subfield code="a">La respuesta del m&#xE9;dico</subfield>
  </datafield>
  <datafield tag="700" ind1="1" ind2=" ">
    <subfield code="a">Califano, Jorge E.</subfield>
    <subfield code="9">226</subfield>
  </datafield>
  <datafield tag="942" ind1=" " ind2=" ">
    <subfield code="2">ddc</subfield>
    <subfield code="c">BK</subfield>
  </datafield>
  <datafield tag="999" ind1=" " ind2=" ">
    <subfield code="c">2174</subfield>
    <subfield code="d">2174</subfield>
  </datafield>
  <datafield tag="952" ind1=" " ind2=" ">
    <subfield code="0">0</subfield>
    <subfield code="1">0</subfield>
    <subfield code="2">ddc</subfield>
    <subfield code="4">0</subfield>
    <subfield code="7">0</subfield>
    <subfield code="a">BFM</subfield>
    <subfield code="b">BFM</subfield>
    <subfield code="c">CR</subfield>
    <subfield code="d">2015-07-01</subfield>
    <subfield code="e">Donaci&#xF3;n Manuel Ciruzzi, Junio 2015</subfield>
    <subfield code="l">0</subfield>
    <subfield code="o">346.033 51 MED</subfield>
    <subfield code="p">3500</subfield>
    <subfield code="r">2015-07-01</subfield>
    <subfield code="t">Ej.1</subfield>
    <subfield code="w">2015-07-01</subfield>
    <subfield code="y">BK</subfield>
    <subfield code="z">Donaci&#xF3;n Manuel Ciruzzi, Junio 2015</subfield>
  </datafield>
  <datafield tag="952" ind1=" " ind2=" ">
    <subfield code="0">0</subfield>
    <subfield code="1">0</subfield>
    <subfield code="2">ddc</subfield>
    <subfield code="4">0</subfield>
    <subfield code="7">0</subfield>
    <subfield code="a">BFM</subfield>
    <subfield code="b">BFM</subfield>
    <subfield code="c">CR</subfield>
    <subfield code="d">2015-10-28</subfield>
    <subfield code="e">Donaci&#xF3;n del Doctor Buzeki Horacio. </subfield>
    <subfield code="l">0</subfield>
    <subfield code="o">346.033 51 MED</subfield>
    <subfield code="p">3622</subfield>
    <subfield code="r">2015-10-28</subfield>
    <subfield code="t">Ej.2 </subfield>
    <subfield code="w">2015-10-28</subfield>
    <subfield code="y">BK</subfield>
    <subfield code="z">Donaci&#xF3;n del Doctor Buzeki Horacio. </subfield>
  </datafield>
</record>
